| Tag |
First Indicator |
Second Indicator |
Subfields |
| LEADER |
00000cam a2200000 4500 |
| 001 |
in00000038350 |
| 005 |
20151007081004.0 |
| 008 |
800424r19521794tnu 00000 enge |
| 010 |
|
|
|a 53010742
|
| 035 |
|
|
|a (OCoLC)06241840
|
| 035 |
|
|
|9 AAF5702AM
|
| 040 |
|
|
|a DLC
|c TXA
|d TXA
|d UtOrBLW
|
| 049 |
|
|
|a TXAM
|c [234735]
|
| 050 |
|
0 |
|a BT1100
|b .P2 1952
|
| 082 |
0 |
|
|a 239
|
| 092 |
|
|
|a 239
|b P158v, 1952
|
| 100 |
1 |
|
|a Paley, William,
|d 1743-1805.
|
| 245 |
1 |
2 |
|a A view of the evidences of Christianity /
|c With annotations by Richard Whately.
|
| 264 |
|
1 |
|a Murfreesboro, Tenn. :
|b Dehoff Publications,
|c 1952.
|
| 300 |
|
|
|a viii, 407 pages ;
|c 23 cm.
|
| 336 |
|
|
|a text
|b txt
|2 rdacontent
|
| 337 |
|
|
|a unmediated
|b n
|2 rdamedia
|
| 338 |
|
|
|a volume
|b nc
|2 rdacarrier
|
| 500 |
|
|
|a First published 1794.
|
| 650 |
|
0 |
|a Apologetics
|v Early works to 1800.
|
| 999 |
|
|
|a MARS
|
| 999 |
f |
f |
|s 1d9a210c-7d4a-3f09-b22c-d2f68b5ba91c
|i 45cba0c8-1ab0-3ff9-b188-db1978f184f9
|t 0
|
| 952 |
f |
f |
|p ric
|a Texas A&M University
|b Rellis Campus
|c Joint Library Facility
|d Remote Storage
|t 0
|e BT1100 .P2 1952
|h Library of Congress classification
|i unmediated -- volume
|m A14800609429
|
| 998 |
f |
f |
|a BT1100 .P2 1952
|t 0
|l Remote Storage
|